| 000 | 00534nam a2200169 4500 | ||
|---|---|---|---|
| 001 | 144508 | ||
| 003 | ES-MaACL | ||
| 005 | 20230906201032.0 | ||
| 007 | t| | ||
| 008 | 070214s1966 sp r ||||1| spa d | ||
| 100 | 1 |
_aSix, Jean François. _9106730 |
|
| 245 | 1 | 0 |
_aVida de Charles de Foucauld / _cJean François Six ; traducción de Trinidad Sánchez-Pacheco. |
| 260 |
_aMadrid : _bTaurus, _c1966 ( _fNebrija) |
||
| 300 |
_a332 p. ; _c18 cm. |
||
| 700 | 1 |
_aSánchez-Pacheco, Trinidad. _9102824 |
|
| 852 |
_aES-MaACL _jC-30661 _bR.70291 |
||
| 999 |
_c144508 _d144508 |
||